[Event "M.Chigorin Memorial 2017 "]
[Site "?????-?????????"]
[Date "2017.10.28"]
[Round "8"]
[Board "159"]
[White "Shemakhanov, Danila"]
[Black "Vasilenko, Ekaterina"]
[Result "1/2-1/2"]
[WhiteElo "1542"]
[BlackElo "1806"]
[PlyCount "109"]
[EventDate "2017.10.21"]
[EventRounds "9"]
[EventCountry "RUS"]

1. e4 c5 2. Ne2 a6 3. g3 d5 4. Bg2 e6 5. O-O Nf6 6. exd5 Nxd5 7. Nbc3 Nxc3 8.
Nxc3 Nc6 9. d3 Be7 10. Be3 Nd4 11. Ne2 Nf5 12. d4 cxd4 13. Bxd4 Nxd4 14. Nxd4
Bf6 15. c3 O-O 16. Nb3 Qc7 17. Qf3 Rb8 18. Rad1 Bd7 19. Rd2 Bc6 20. Qd1 Rfd8
21. Qc2 Rxd2 22. Nxd2 Bxg2 23. Kxg2 Rd8 24. Ne4 Be7 25. f3 Qd7 26. Rf2 Qd1 27.
Rd2 Qxc2 28. Rxc2 f5 29. Nd2 e5 30. Nb3 b6 31. Rd2 Kf7 32. Kf2 Rxd2+ 33. Nxd2
Ke6 34. Ke2 Bg5 35. b3 b5 36. c4 Bxd2 37. Kxd2 bxc4 38. bxc4 Kd6 39. Kc3 Kc5
40. Kd3 a5 41. h4 h5 42. Kc3 a4 43. Kd3 a3 44. Kc3 e4 45. f4 g6 46. Kb3 e3 47.
Kc3 e2 48. Kd2 Kxc4 49. Kxe2 Kc3 50. Ke3 Kb2 51. Kd2 Kb1 52. Kd1 Kb2 53. Kd2
Kxa2 54. Kc2 Ka1 55. Kc1  1/2-1/2

[Event "M.Chigorin Memorial 2017 "]
[Site "?????-?????????"]
[Date "2017.10.28"]
[Round "8"]
[Board "160"]
[White "Timofeev, Vsevolod"]
[Black "Khochinsky, Andrey"]
[Result "1-0"]
[WhiteElo "1479"]
[BlackElo "1803"]
[PlyCount "75"]
[EventDate "2017.10.21"]
[EventRounds "9"]
[EventCountry "RUS"]

1. e4 c5 2. Nf3 d6 3. c3 Nf6 4. Be2 Nxe4 5. Qa4+ Nc6 6. Qxe4 g6 7. d4 Bf5 8.
Qe3 cxd4 9. Nxd4 Bd7 10. Nb5 Bf5 11. Nd4 Bd7 12. Nd2 Bg7 13. N2f3 O-O 14. O-O
a6 15. a4 e5 16. Nc2 Bf5 17. Qd2 Rc8 18. Ne3 Be4 19. Rd1 Na5 20. Ra3 Bh6 21.
Qxd6 Qxd6 22. Rxd6 Bxf3 23. gxf3 Rfe8 24. b4 Nc6 25. Bb2 a5 26. b5 Bf8 27. Nc4
Nb8 28. Rb6 Bxa3 29. Bxa3 Rc7 30. Bd6 Rd7 31. Nxe5 Rdd8 32. Bc4 Nd7 33. Bxf7+
Kg7 34. Rxb7 Rxe5 35. Bxe5+ Nxe5 36. Bd5+ Kh6 37. c4 Nd3 38. Ra7  1-0

[Event "M.Chigorin Memorial 2017 "]
[Site "?????-?????????"]
[Date "2017.10.28"]
[Round "8"]
[Board "161"]
[White "Don, Aleksandr"]
[Black "Astakhov, Dmitrii"]
[Result "1-0"]
[WhiteElo "1793"]
[BlackElo "1490"]
[PlyCount "43"]
[EventDate "2017.10.21"]
[EventRounds "9"]
[EventCountry "RUS"]

1. d4 d5 2. c4 c6 3. e3 Nf6 4. Nc3 a6 5. Nf3 b5 6. cxd5 cxd5 7. Ne5 e6 8. Bd3
Nbd7 9. f4 Nxe5 10. fxe5 Nd7 11. O-O Bb4 12. Qh5 g6 13. Qh6 Bf8 14. Qf4 Qe7 15.
e4 Bb7 16. exd5 Bxd5 17. Nxd5 exd5 18. Bd2 h5 19. e6 fxe6 20. Bxg6+ Kd8 21.
Ba5+ Nb6 22. Bxb6+  1-0

[Event "M.Chigorin Memorial 2017 "]
[Site "?????-?????????"]
[Date "2017.10.28"]
[Round "8"]
[Board "162"]
[White "Mustafayev, Nihad"]
[Black "Golovanskikh, Dmitriy"]
[Result "1-0"]
[WhiteElo "1788"]
[BlackElo "1471"]
[PlyCount "65"]
[EventDate "2017.10.21"]
[EventRounds "9"]
[EventCountry "RUS"]

1. d4 d5 2. c4 e6 3. cxd5 exd5 4. Nc3 Nf6 5. Bg5 Be7 6. Qc2 b6 7. e3 Bb7 8. Nf3
h6 9. Bh4 Nbd7 10. Bd3 O-O 11. O-O Rc8 12. Rae1 Re8 13. Bf5 Ra8 14. Bg3 Nh5 15.
Be5 Nxe5 16. Nxe5 Bd6 17. Bh7+ Kf8 18. Nxf7 Kxf7 19. Qg6+ Kf8 20. Qxh5 Re6 21.
Bf5 Rf6 22. e4 dxe4 23. Nxe4 Bxe4 24. Rxe4 Rf7 25. Be6 Rf6 26. Bd5 Rb8 27. Rfe1
Qd7 28. Re6 Rxe6 29. Bxe6 Qe7 30. Qf5+ Qf6 31. Qh7 Ke7 32. Bg4+ Kf7 33. Bh5+
 1-0

[Event "M.Chigorin Memorial 2017 "]
[Site "?????-?????????"]
[Date "2017.10.28"]
[Round "8"]
[Board "164"]
[White "Serov, Aleksandr"]
[Black "Shmoilov, Dmitry"]
[Result "1-0"]
[WhiteElo "1456"]
[BlackElo "1962"]
[PlyCount "81"]
[EventDate "2017.10.21"]
[EventRounds "9"]
[EventCountry "RUS"]

1. d4 Nf6 2. c4 c5 3. d5 e6 4. Nc3 exd5 5. cxd5 d6 6. e4 g6 7. h3 a6 8. a4 Bg7
9. Nf3 O-O 10. Bd3 Nbd7 11. Bf4 Ne8 12. O-O b6 13. Re1 Qc7 14. Qc2 f6 15. Rac1
Ne5 16. Nd2 Nxd3 17. Qxd3 Bd7 18. Nc4 b5 19. Nxd6 Nxd6 20. Qg3 Rfe8 21. Bxd6
Qc8 22. axb5 axb5 23. b4 c4 24. f4 Ra3 25. e5 Qa6 26. Bc5 Bf5 27. e6 Qa8 28.
Qf2 Rxc3 29. Rxc3 Qxd5 30. e7 Be4 31. Ra3 f5 32. Ra6 c3 33. Rd6 Qc4 34. Rd8 Kf7
35. Rxe8 Kxe8 36. Rd1 Bc6 37. Rd8+ Kf7 38. Rf8+ Ke6 39. Qe3+ Qe4 40. e8=Q+ Bxe8
41. Rxe8+  1-0

[Event "M.Chigorin Memorial 2017 "]
[Site "?????-?????????"]
[Date "2017.10.28"]
[Round "8"]
[Board "165"]
[White "Kuizhev, Adam"]
[Black "Naryshkina, Irina"]
[Result "1-0"]
[WhiteElo "1911"]
[BlackElo "1382"]
[PlyCount "61"]
[EventDate "2017.10.21"]
[EventRounds "9"]
[EventCountry "RUS"]

1. e4 e5 2. Nf3 Nc6 3. Bb5 a6 4. Ba4 Nf6 5. O-O Be7 6. Re1 d6 7. c3 O-O 8. h3
b5 9. Bb3 Na5 10. Bc2 c5 11. d4 cxd4 12. cxd4 exd4 13. Nxd4 Bb7 14. Nf5 Nc6 15.
Nc3 Ne5 16. a3 Re8 17. Bg5 Qd7 18. Bxf6 gxf6 19. Bb3 Bf8 20. Bd5 Rad8 21. Rc1
Ng6 22. Qg4 Kh8 23. Bxb7 Qxb7 24. Nd5 Ne5 25. Qg3 Nd7 26. Rc7 Qxd5 27. exd5
Rxe1+ 28. Kh2 Ne5 29. f4 Nd7 30. Qxe1 Bg7 31. Rxd7  1-0

[Event "M.Chigorin Memorial 2017 "]
[Site "?????-?????????"]
[Date "2017.10.28"]
[Round "8"]
[Board "166"]
[White "Popova, Polina"]
[Black "Pankova, Julia"]
[Result "0-1"]
[WhiteElo "1560"]
[BlackElo "1785"]
[PlyCount "114"]
[EventDate "2017.10.21"]
[EventRounds "9"]
[EventCountry "RUS"]

1. e4 c5 2. Nf3 e6 3. d4 cxd4 4. Nxd4 a6 5. Be2 Qc7 6. c4 Nf6 7. Nc3 Bb4 8. Bd3
Nc6 9. Be3 Ne5 10. Rc1 O-O 11. a3 Be7 12. h3 d6 13. O-O Nfd7 14. f4 Nxd3 15.
Qxd3 Bf6 16. Nb3 Rd8 17. Qe2 b6 18. Nd1 Bb7 19. Nf2 Nc5 20. Nxc5 bxc5 21. Ng4
Be7 22. f5 exf5 23. exf5 f6 24. Bf2 Re8 25. Rfe1 Qc6 26. Ne3 Bf8 27. Qg4 Re4
28. Qg3 Qd7 29. Qf3 Rxc4 30. Qd1 Rxc1 31. Qxc1 Re8 32. Rd1 d5 33. Qc2 d4 34.
Qb3+ Kh8 35. Nf1 Bd5 36. Qb6 Qxf5 37. Ng3 Qc8 38. Qa5 Bb7 39. Qd2 Qc6 40. Be1
Qd5 41. Qf2 Re5 42. Bd2 d3 43. Bc3 Re6 44. Qf3 Qxf3 45. gxf3 c4 46. Kf2 Bc5+
47. Kg2 Re3 48. Rf1 Kg8 49. Bd2 Re6 50. Rc1 Bd5 51. Kf1 Be3 52. Rd1 Bxf3 53.
Re1 Be2+ 54. Nxe2 Bxd2 55. Nd4 Rxe1+ 56. Kg2 Be3 57. Nf3 Re2+  0-1

[Event "M.Chigorin Memorial 2017 "]
[Site "?????-?????????"]
[Date "2017.10.28"]
[Round "8"]
[Board "167"]
[White "Bushueva, Tatjana"]
[Black "Uspenskaya, Ksenia"]
[Result "1-0"]
[WhiteElo "1737"]
[BlackElo "1073"]
[PlyCount "99"]
[EventDate "2017.10.21"]
[EventRounds "9"]
[EventCountry "RUS"]

1. d4 d5 2. Nf3 c5 3. c3 Bf5 4. Bf4 e6 5. e3 cxd4 6. cxd4 Bd6 7. Bxd6 Qxd6 8.
Nc3 a6 9. Be2 Ne7 10. O-O O-O 11. Nh4 Bg6 12. Nxg6 hxg6 13. Rc1 Nbc6 14. Na4
Rac8 15. Nc5 Rc7 16. Qd2 Rfc8 17. Rc2 a5 18. a3 Na7 19. Rfc1 Nf5 20. Nxb7 Rxc2
21. Rxc2 Rxc2 22. Qxc2 Qb6 23. Nc5 Qc6 24. Qb3 Kh7 25. Qb8 Nc8 26. Ba6 Ncd6 27.
g4 Nh6 28. a4 Ne4 29. Bb5 Qd6 30. Qxd6 Nxd6 31. Be2 Nc4 32. Bxc4 dxc4 33. f3 f5
34. h3 Kg8 35. Nb7 Kf8 36. Nxa5 Ke8 37. Nxc4 Kd7 38. Ne5+ Kc7 39. Nxg6 Kb6 40.
b4 Nf7 41. Kf2 Nd6 42. Ne5 Kb7 43. g5 Ka6 44. h4 Kb7 45. h5 Ne8 46. h6 gxh6 47.
gxh6 Nf6 48. Nd7 Nh7 49. Nc5+ Ka7 50. Nxe6  1-0

[Event "M.Chigorin Memorial 2017 "]
[Site "?????-?????????"]
[Date "2017.10.28"]
[Round "8"]
[Board "168"]
[White "Aslanov, Umid"]
[Black "Surovtseva, Alisa"]
[Result "1/2-1/2"]
[WhiteElo "1520"]
[BlackElo "1693"]
[PlyCount "93"]
[EventDate "2017.10.21"]
[EventRounds "9"]
[EventCountry "RUS"]

1. e4 d5 2. exd5 Qxd5 3. Nc3 Qd6 4. Nf3 Nf6 5. Bc4 g6 6. h3 Bg7 7. O-O O-O 8.
d4 a6 9. a4 Nc6 10. b3 Ne8 11. Be3 Qd8 12. Ne2 Nd6 13. Bd3 Bf5 14. Bxf5 Nxf5
15. c3 e5 16. d5 e4 17. dxc6 exf3 18. Qxd8 Raxd8 19. gxf3 bxc6 20. Rad1 Rfe8
21. Rxd8 Rxd8 22. Bf4 Rd7 23. c4 Nh4 24. Bg3 Nxf3+ 25. Kg2 Ng5 26. Re1 Ne4 27.
Bh2 f5 28. Nf4 Kf7 29. f3 Rd2+ 30. Re2 Rxe2+ 31. Nxe2 Nc5 32. Nc1 Bb2 33. Na2
a5 34. Bxc7 Nxb3 35. Kf2 Ke6 36. Ke3 Be5 37. Bb6 c5 38. Bd8 Kd7 39. Bh4 Nd4 40.
Nc1 Bg7 41. Nd3 Bh6+ 42. f4 Ne6 43. Be1 Bg7 44. Bxa5 Kc6 45. Bd2 Bd4+ 46. Kf3
Bf6 47. Kg3  1/2-1/2

[Event "M.Chigorin Memorial 2017 "]
[Site "?????-?????????"]
[Date "2017.10.28"]
[Round "8"]
[Board "169"]
[White "Ali, Ahad"]
[Black "Makeev, Konstantin"]
[Result "1/2-1/2"]
[WhiteElo "1356"]
[BlackElo "1688"]
[PlyCount "93"]
[EventDate "2017.10.21"]
[EventRounds "9"]
[EventCountry "RUS"]

1. Nf3 g6 2. d4 Bg7 3. Bf4 d6 4. e3 Nf6 5. Be2 O-O 6. h3 c5 7. c3 cxd4 8. exd4
Re8 9. O-O Nbd7 10. Bh2 Qb6 11. Qb3 Qxb3 12. axb3 d5 13. Nbd2 e6 14. Bb5 a6 15.
Ne5 Rd8 16. Ndf3 Ne4 17. Rfd1 Nxe5 18. Nxe5 Nd6 19. Bd3 f6 20. Nf3 Nf7 21. Re1
Bd7 22. Re2 Re8 23. b4 e5 24. dxe5 fxe5 25. Bc2 Bb5 26. Ree1 Rac8 27. Ba4 Bxa4
28. Rxa4 d4 29. cxd4 exd4 30. Rxe8+ Rxe8 31. b5 axb5 32. Rb4 d3 33. Rxb5 d2 34.
Nxd2 Re2 35. Bf4 Bd4 36. Rb4 Bc5 37. Rc4 Rxf2 38. Rxc5 Rxf4 39. Rb5 Nd8 40. Nb3
Kf8 41. Nc5 Rf7 42. Rb6 Ke8 43. g3 Rc7 44. b4 Rc6 45. Rxc6 bxc6 46. Kf2 Ke7 47.
Ke3  1/2-1/2

[Event "M.Chigorin Memorial 2017 "]
[Site "?????-?????????"]
[Date "2017.10.28"]
[Round "8"]
[Board "170"]
[White "Biyachuev, Minkail"]
[Black "Chagina, Ulyana"]
[Result "0-1"]
[WhiteElo "1475"]
[BlackElo "1571"]
[PlyCount "68"]
[EventDate "2017.10.21"]
[EventRounds "9"]
[EventCountry "RUS"]

1. e4 e6 2. d4 d5 3. Nc3 Nf6 4. Bg5 Bb4 5. e5 Bxc3+ 6. bxc3 h6 7. Bh4 g5 8.
exf6 gxh4 9. Qh5 Qxf6 10. Nf3 c5 11. Qxh4 Qxh4 12. Nxh4 c4 13. Be2 Nc6 14. Nf3
f6 15. Nh4 Ne7 16. Bh5+ Kd8 17. O-O Rg8 18. Rfe1 Rg7 19. Re3 Kc7 20. Rg3 Rg5
21. Bf7 Bd7 22. Re1 Kd6 23. Rge3 Nf5 24. Nxf5+ exf5 25. Be8 f4 26. Re7 Bxe8 27.
Rxe8 Rxe8 28. Rxe8 f3 29. g3 h5 30. h4 Rg7 31. Rh8 Re7 32. Kf1 Re2 33. Rxh5
Rxc2 34. Rf5 Rc1#  0-1

[Event "M.Chigorin Memorial 2017 "]
[Site "?????-?????????"]
[Date "2017.10.28"]
[Round "8"]
[Board "171"]
[White "Mustafazade, Fikrat"]
[Black "Pitkanen, Juhani"]
[Result "1-0"]
[WhiteElo "1466"]
[BlackElo "1657"]
[PlyCount "93"]
[EventDate "2017.10.21"]
[EventRounds "9"]
[EventCountry "RUS"]

1. d4 Nf6 2. c4 g6 3. Nc3 Bg7 4. e4 d6 5. f3 O-O 6. Be3 c5 7. d5 Nbd7 8. Bd3
Ne5 9. Nge2 a6 10. a4 Qa5 11. O-O Qb4 12. b3 Nxd3 13. Qxd3 Nd7 14. a5 b5 15.
axb6 Qxb6 16. Na4 Qc7 17. Rab1 Ne5 18. Qc2 Bd7 19. h3 f5 20. f4 Nf7 21. Ng3 Nh6
22. Rbe1 fxe4 23. Nxe4 Nf5 24. Bd2 Rab8 25. Bc3 Bd4+ 26. Bxd4 Nxd4 27. Qa2 Rxb3
28. Nd2 Bxa4 29. Qxa4 Rb2 30. Ne4 Qb7 31. Ng5 Ne2+ 32. Kh2 Nxf4 33. Rxf4 Rxf4
34. Ne6 Rxg2+ 35. Kxg2 Qb2+ 36. Kh1 Qf2 37. Qe8+ Rf8 38. Qxf8+ Qxf8 39. Nxf8
Kxf8 40. Kg2 Ke8 41. Kg3 Kd7 42. Kg4 Kc7 43. Rxe7+ Kb6 44. Rd7 Ka5 45. Rxd6 Kb4
46. Rxa6 Kxc4 47. d6  1-0

[Event "M.Chigorin Memorial 2017 "]
[Site "?????-?????????"]
[Date "2017.10.28"]
[Round "8"]
[Board "172"]
[White "Ageeva, Vasilisa"]
[Black "Shceglov, Mikhail"]
[Result "1/2-1/2"]
[WhiteElo "1649"]
[BlackElo "1503"]
[PlyCount "84"]
[EventDate "2017.10.21"]
[EventRounds "9"]
[EventCountry "RUS"]

1. e4 c5 2. Nf3 Nc6 3. d4 cxd4 4. Nxd4 Nf6 5. Nc3 d6 6. Bg5 e6 7. Qd2 Be7 8.
O-O-O a6 9. f3 Qc7 10. g4 b5 11. a3 Bb7 12. h4 Na5 13. Rg1 Nc4 14. Qe1 Rc8 15.
Nde2 Qb6 16. Bh3 a5 17. Nd4 Bc6 18. Na2 Bd7 19. Be3 Nxe3 20. Qxe3 e5 21. Nf5
Qxe3+ 22. Nxe3 Be6 23. Nc3 b4 24. axb4 axb4 25. Nb5 Rc6 26. Bf1 O-O 27. c3 bxc3
28. Nxc3 Rb8 29. Rg2 Ne8 30. g5 f6 31. g6 Nc7 32. gxh7+ Kxh7 33. Ned5 Bxd5 34.
exd5 Rc5 35. Bd3+ Kg8 36. Be4 Nb5 37. Rd3 Rbc8 38. Kd2 Nd4 39. Bg6 Rb8 40. Kd1
f5 41. h5 Bf6 42. h6 Ra8  1/2-1/2

[Event "M.Chigorin Memorial 2017 "]
[Site "?????-?????????"]
[Date "2017.10.28"]
[Round "8"]
[Board "173"]
[White "Oskin, Iakov"]
[Black "Babotin, Nikita"]
[Result "1-0"]
[WhiteElo "1410"]
[BlackElo "1530"]
[PlyCount "53"]
[EventDate "2017.10.21"]
[EventRounds "9"]
[EventCountry "RUS"]

1. d4 Nf6 2. c4 g6 3. Nc3 d6 4. e4 Bg7 5. f4 O-O 6. Nf3 Re8 7. Be2 Nbd7 8. e5
dxe5 9. fxe5 Ng4 10. O-O c5 11. Ng5 cxd4 12. Nxf7 Qb6 13. Nd5 Qc6 14. Bxg4 Nxe5
15. Nxe5 Bxe5 16. Bh6 Bf6 17. Nxf6+ exf6 18. Bxc8 Raxc8 19. Qxd4 Re4 20. Qxf6
Qxf6 21. Rxf6 Rh4 22. Bg5 Rg4 23. h4 Rcxc4 24. Raf1 Rc8 25. Bh6 Rxh4 26. Rf8+
Rxf8 27. Rxf8#  1-0

[Event "M.Chigorin Memorial 2017 "]
[Site "?????-?????????"]
[Date "2017.10.28"]
[Round "8"]
[Board "174"]
[White "Kudin, Alexander"]
[Black "Airapetyan, Anzhelika"]
[Result "1/2-1/2"]
[WhiteElo "1520"]
[BlackElo "1382"]
[PlyCount "120"]
[EventDate "2017.10.21"]
[EventRounds "9"]
[EventCountry "RUS"]

1. e4 e6 2. d4 d5 3. exd5 exd5 4. Nf3 Bg4 5. Be2 Bd6 6. h3 Bh5 7. Nc3 c6 8. Ne5
Bxe2 9. Qxe2 Ne7 10. Bd2 Nd7 11. f4 Nf6 12. g4 Qc7 13. O-O-O Nd7 14. Nxd7 Qxd7
15. Qf2 O-O-O 16. Rde1 f5 17. Qf3 Qc7 18. Re6 Rhf8 19. Rhe1 Rd7 20. Ne2 Ng6 21.
gxf5 Nh4 22. Qh5 Nxf5 23. Qxh7 g5 24. Qg6 Rg7 25. Re8+ Rxe8 26. Qxe8+ Qd8 27.
Qxd8+ Kxd8 28. fxg5 Be7 29. Rg1 Nh4 30. Rg4 Nf3 31. g6 Bd6 32. Bg5+ Nxg5 33.
Rxg5 Ke7 34. Rh5 Kf6 35. Rh7 Rxh7 36. gxh7 Kg7 37. Kd2 Kxh7 38. Ke3 Kg6 39. Kf3
Kg5 40. Ng3 Bc7 41. Kg2 Bb6 42. c3 Bc7 43. Ne2 Bd6 44. b3 b6 45. c4 dxc4 46.
bxc4 b5 47. cxb5 cxb5 48. Nc3 Bb8 49. Nxb5 a6 50. Nc3 Kf4 51. Kf2 Bd6 52. Na4
Ke4 53. Nc5+ Kxd4 54. Nxa6 Kc4 55. a3 Bxa3 56. Nc7 Kc5 57. Kf3 Kc6 58. Ne8 Kd7
59. Ng7 Ke7 60. Kg4 Kf6  1/2-1/2

[Event "M.Chigorin Memorial 2017 "]
[Site "?????-?????????"]
[Date "2017.10.28"]
[Round "8"]
[Board "175"]
[White "Bugaev, Anton"]
[Black "Petrova, Varvara"]
[Result "1-0"]
[WhiteElo "1503"]
[BlackElo "1362"]
[PlyCount "71"]
[EventDate "2017.10.21"]
[EventRounds "9"]
[EventCountry "RUS"]

1. d4 Nf6 2. Nf3 g6 3. c4 Bg7 4. g3 O-O 5. Bg2 d5 6. cxd5 Nxd5 7. e4 Nb6 8. O-O
c5 9. d5 N8d7 10. Qc2 Nf6 11. Nc3 e6 12. dxe6 Bxe6 13. Rd1 Qc8 14. Ng5 Bd7 15.
Bf4 h6 16. Nf3 Rd8 17. Rac1 Be6 18. Rxd8+ Qxd8 19. Rd1 Nfd7 20. Nb5 Bc4 21. Nd6
Ba6 22. Bf1 Bf8 23. Bxa6 bxa6 24. Qd2 g5 25. Be3 Qf6 26. Nf5 Qe6 27. Qc2 Qxa2
28. h4 f6 29. hxg5 fxg5 30. Kg2 Qe6 31. Rh1 Nc4 32. Bxg5 Ndb6 33. Nxh6+ Bxh6
34. Rxh6 Qf7 35. b3 Na5 36. Qc3  1-0

[Event "M.Chigorin Memorial 2017 "]
[Site "?????-?????????"]
[Date "2017.10.28"]
[Round "8"]
[Board "176"]
[White "Koltsova, Alisa"]
[Black "Sviridov, Leon"]
[Result "1/2-1/2"]
[WhiteElo "1378"]
[BlackElo "1427"]
[PlyCount "81"]
[EventDate "2017.10.21"]
[EventRounds "9"]
[EventCountry "RUS"]

1. d4 d5 2. c4 c6 3. cxd5 cxd5 4. Nc3 Nf6 5. Nf3 e6 6. Bf4 Bd6 7. Bxd6 Qxd6 8.
e3 a6 9. Bd3 O-O 10. O-O Nc6 11. a3 b5 12. b4 Bb7 13. Qb3 Rac8 14. Rac1 e5 15.
dxe5 Nxe5 16. Nxe5 Qxe5 17. Be2 Ne4 18. Nxe4 dxe4 19. Bg4 Bd5 20. Qb1 f5 21.
Be2 Bc4 22. Bxc4+ Rxc4 23. Rxc4 bxc4 24. Qc2 Rc8 25. Rc1 c3 26. Qb3+ Kh8 27.
Qc2 Qd5 28. Kf1 Qd3+ 29. Ke1 h6 30. Qe2 Qd5 31. Qc2 Qc4 32. Rd1 a5 33. bxa5 Rb8
34. Rd4 Qc5 35. Rb4 Rd8 36. Rd4 Rb8 37. Rb4 Rd8 38. Rd4 Rb8 39. Rb4 Rd8 40. Rd4
Rb8 41. Rb4  1/2-1/2

[Event "M.Chigorin Memorial 2017 "]
[Site "?????-?????????"]
[Date "2017.10.29"]
[Round "9"]
[Board "2"]
[White "Artemiev, Vladislav"]
[Black "Sarana, Alexey"]
[Result "0-1"]
[WhiteElo "2696"]
[BlackElo "2543"]
[PlyCount "116"]
[EventDate "2017.10.21"]
[EventRounds "9"]
[EventCountry "RUS"]

1. Nf3 d5 2. g3 g6 3. c4 Nf6 4. Bg2 Bg7 5. Qa4+ Nbd7 6. cxd5 O-O 7. O-O Nxd5 8.
Nc3 N7b6 9. Qa5 c6 10. d4 Bf5 11. Re1 Nxc3 12. bxc3 Be4 13. Qg5 Nc4 14. Qh4
Bxf3 15. Bxf3 e5 16. Qxd8 Raxd8 17. Rb1 Rd7 18. e3 Re8 19. Re2 Bf8 20. a4 Ba3
21. Bxa3 Nxa3 22. Ra1 Nc4 23. a5 e4 24. Bg2 c5 25. Ra4 b5 26. axb6 Nxb6 27. Ra5
cxd4 28. cxd4 Rc7 29. Rea2 Ree7 30. Bf1 h5 31. Kg2 Kg7 32. Be2 Kf6 33. h3 Kg7
34. g4 h4 35. g5 Nc8 36. Bg4 Nb6 37. Kh2 Nc4 38. Rb5 Rb7 39. Rc5 Nb6 40. Rac2
Na4 41. Rc6 Nb6 42. Rd2 Nd5 43. Rc5 Nb4 44. d5 Re5 45. Rd4 Rxg5 46. Rcc4 Nd3
47. d6 Ne5 48. Rc8 Rxg4 49. hxg4 Nf3+ 50. Kh3 Nxd4 51. exd4 Rd7 52. Kxh4 Rxd6
53. Ra8 a6 54. Kg3 g5 55. Ra7 Kg6 56. f4 e3 57. Re7 Re6 58. f5+ Kf6  0-1

[Event "M.Chigorin Memorial 2017 "]
[Site "?????-?????????"]
[Date "2017.10.29"]
[Round "9"]
[Board "3"]
[White "Sengupta, Deep"]
[Black "Sjugirov, Sanan"]
[Result "1/2-1/2"]
[WhiteElo "2587"]
[BlackElo "2650"]
[PlyCount "115"]
[EventDate "2017.10.21"]
[EventRounds "9"]
[EventCountry "RUS"]

1. e4 c5 2. Nf3 e6 3. d3 Nc6 4. g3 Nf6 5. Bg2 d5 6. Nbd2 g6 7. O-O Bg7 8. Re1
O-O 9. Qe2 b6 10. Nf1 e5 11. exd5 Nxd5 12. Ne3 Nxe3 13. Bxe3 Bb7 14. Qd2 Re8
15. Bh6 Qd7 16. Bxg7 Kxg7 17. a3 f6 18. Re3 Nd4 19. Nxd4 cxd4 20. Re2 Bxg2 21.
Kxg2 Rac8 22. Rae1 Rc5 23. f4 Rec8 24. fxe5 fxe5 25. Kg1 Rxc2 26. Qxc2 Rxc2 27.
Rxc2 Qb5 28. Rd2 Kf6 29. Re4 a5 30. Kg2 a4 31. h4 Ke6 32. Kh2 Kd6 33. Kg2 Qb3
34. Re1 Qd5+ 35. Kf2 h6 36. Rde2 Qb3 37. Rd2 g5 38. hxg5 hxg5 39. Re4 Qe6 40.
g4 Qc8 41. Kg2 Qc1 42. Ree2 Qb1 43. Re4 Qc1 44. Ree2 e4 45. dxe4 Ke5 46. Rd3
Qc4 47. Rdd2 Qe6 48. Kg3 Qh6 49. Rh2 Qd6 50. Rhe2 d3 51. Re3 Qh6 52. Rh2 Qf6
53. Rf2 Qh8 54. Rxd3 Qh4+ 55. Kg2 Qxg4+ 56. Rg3 Qxe4+ 57. Kg1 g4 58. Kh2
 1/2-1/2

[Event "M.Chigorin Memorial 2017 "]
[Site "?????-?????????"]
[Date "2017.10.29"]
[Round "9"]
[Board "4"]
[White "Pridorozhni, Aleksei"]
[Black "Sethuraman, S.P."]
[Result "0-1"]
[WhiteElo "2565"]
[BlackElo "2632"]
[PlyCount "178"]
[EventDate "2017.10.21"]
[EventRounds "9"]
[EventCountry "RUS"]

1. e4 c5 2. Nf3 d6 3. Bb5+ Nd7 4. O-O Ngf6 5. Re1 a6 6. Bf1 b6 7. c3 Bb7 8. d3
e6 9. Nbd2 b5 10. d4 cxd4 11. cxd4 Nb6 12. b3 Be7 13. Bb2 O-O 14. Bd3 Rc8 15.
Qe2 Rc7 16. Rac1 Rxc1 17. Rxc1 Qa8 18. e5 dxe5 19. dxe5 Nfd5 20. g3 Rc8 21.
Rxc8+ Qxc8 22. Ne4 h6 23. Nfd2 Qc6 24. Bb1 Nb4 25. Qg4 Qd5 26. Qe2 Nd7 27. a3
Nc6 28. Nd6 Nd4 29. Qe4 Bxd6 30. exd6 Qxe4 31. Bxe4 Bxe4 32. Bxd4 Bd5 33. f4 f6
34. Kf2 Kf7 35. Ke3 e5 36. Bc3 Ke6 37. Bb4 exf4+ 38. Kxf4 Ne5 39. Ke3 Nf7 40.
Kd4 Nxd6 41. Kc5 Nc8 42. a4 bxa4 43. bxa4 g5 44. Ba5 Bg2 45. Bc7 Ne7 46. a5 Nd5
47. Bb8 Kf5 48. h3 h5 49. Kd4 Ne7 50. Kc5 Nd5 51. Kd4 Ne7 52. Kc5 Nc8 53. h4
gxh4 54. gxh4 Kg4 55. Nc4 Kxh4 56. Ne3 Bf3 57. Bf4 Kh3 58. Bc7 Kh4 59. Bf4 Bh1
60. Kd4 Ne7 61. Kc5 Bf3 62. Bc7 Kg5 63. Bd8 Nc6 64. Bc7 h4 65. Kb6 Ne5 66. Nf1
h3 67. Kc5 Bg2 68. Nh2 Kf5 69. Bd6 Ke4 70. Bc7 Bf3 71. Kd6 Kf5 72. Ke7 Bd5 73.
Nf1 Kg5 74. Nh2 Bc4 75. Kd8 Be2 76. Ke7 Kf5 77. Kd6 Bc4 78. Kc5 Bb5 79. Kd5
Bc6+ 80. Kc5 Bb7 81. Kb6 Bc8 82. Kc5 Ke4 83. Nf1 Kf3 84. Kd6 Kg2 85. Ne3+ Kf3
86. Nf1 Ng4 87. Kc5 Kg2 88. Ng3 h2 89. Kd4 Ne5  0-1

[Event "M.Chigorin Memorial 2017 "]
[Site "?????-?????????"]
[Date "2017.10.29"]
[Round "9"]
[Board "6"]
[White "Kobalia, Mikhail"]
[Black "Tsydypov, Zhamsaran"]
[Result "1-0"]
[WhiteElo "2596"]
[BlackElo "2529"]
[PlyCount "55"]
[EventDate "2017.10.21"]
[EventRounds "9"]
[EventCountry "RUS"]

1. e4 e5 2. Nf3 Nc6 3. Bb5 a6 4. Ba4 Nf6 5. O-O Be7 6. d3 b5 7. Bb3 d6 8. a4 b4
9. a5 O-O 10. Nbd2 Bg4 11. h3 Bh5 12. c3 Qc8 13. Re1 Rd8 14. Nf1 bxc3 15. bxc3
Rb8 16. Bc4 d5 17. exd5 Nxd5 18. Bd2 f6 19. Qa4 Qd7 20. Bxa6 Bxf3 21. gxf3 Qe6
22. Bc4 Na7 23. Reb1 Ra8 24. Rb7 c6 25. Be3 Rd7 26. a6 Nc8 27. Rab1 f5 28. Rb8
 1-0

[Event "M.Chigorin Memorial 2017 "]
[Site "?????-?????????"]
[Date "2017.10.29"]
[Round "9"]
[Board "7"]
[White "Alekseev, Evgeny"]
[Black "Abdusattorov, Nodirbek"]
[Result "1/2-1/2"]
[WhiteElo "2622"]
[BlackElo "2498"]
[PlyCount "102"]
[EventDate "2017.10.21"]
[EventRounds "9"]
[EventCountry "RUS"]

1. c4 e6 2. Nf3 Nf6 3. Nc3 d5 4. e3 Be7 5. b3 c5 6. cxd5 Nxd5 7. Bb2 O-O 8. Qc2
b6 9. Nxd5 exd5 10. d4 Be6 11. Bd3 h6 12. O-O Nc6 13. Be2 Rc8 14. Qd2 cxd4 15.
Nxd4 Nxd4 16. Bxd4 Bf6 17. Rac1 Bxd4 18. Qxd4 Qe7 19. b4 Rc7 20. Ba6 Rd8 21. a3
Qd6 22. Rfd1 Rdd7 23. Rxc7 Rxc7 24. Bb5 Qf8 25. h3 Qc8 26. Be2 Rc1 27. Bf3 Qc3
28. Qxc3 Rxc3 29. Bxd5 Bxd5 30. Rxd5 Rxa3 31. g4 a5 32. bxa5 bxa5 33. Rd8+ Kh7
34. Rd7 Kg8 35. Ra7 Ra1+ 36. Kg2 a4 37. h4 a3 38. h5 g5 39. hxg6 fxg6 40. f4 a2
41. e4 h5 42. gxh5 gxh5 43. e5 h4 44. e6 h3+ 45. Kh2 Kf8 46. f5 Rf1 47. Rxa2
Rxf5 48. Kxh3 Re5 49. Ra6 Ke7 50. Kg4 Rxe6 51. Rxe6+ Kxe6  1/2-1/2

[Event "M.Chigorin Memorial 2017 "]
[Site "?????-?????????"]
[Date "2017.10.29"]
[Round "9"]
[Board "8"]
[White "Gordievsky, Dmitry"]
[Black "Bellaiche, Anthony"]
[Result "1-0"]
[WhiteElo "2605"]
[BlackElo "2493"]
[PlyCount "149"]
[EventDate "2017.10.21"]
[EventRounds "9"]
[EventCountry "RUS"]

1. Nf3 d5 2. g3 g6 3. c4 c6 4. Qa4 d4 5. d3 Bg7 6. Bg2 Nf6 7. b4 O-O 8. Bb2 e5
9. Nxe5 Re8 10. Nf3 Qe7 11. Nxd4 Ng4 12. O-O Ne3 13. fxe3 Qxe3+ 14. Kh1 Bxd4
15. Nc3 Nd7 16. Qc2 Nf6 17. Nd1 Qe5 18. Bxd4 Qxd4 19. Qc3 Qxc3 20. Nxc3 Ng4 21.
Rf4 g5 22. Rd4 f5 23. Rb1 Ne3 24. Bf3 a6 25. Kg1 Be6 26. Kf2 Nc2 27. Rd6 Kf8
28. Bh5 Re7 29. Bf3 Ree8 30. Rb2 Na3 31. Rd4 Ke7 32. e3 Rec8 33. Bd1 b5 34. c5
a5 35. Bf3 axb4 36. Rdxb4 Ra6 37. Ke2 Rd8 38. Rd2 h6 39. Kd1 Kf6 40. Kc1 Bf7
41. Bd1 Re8 42. e4 Re5 43. d4 Rxe4 44. Nxe4+ fxe4 45. Rf2+ Ke7 46. Re2 Bd5 47.
Bb3 Nc4 48. a4 Ke6 49. Bc2 e3 50. Bb3 Ra5 51. Kc2 Kf5 52. Bxc4 bxc4 53. Rxe3
Kg4 54. Kc3 Kh3 55. Re2 Ra8 56. Ra2 Rf8 57. Rxc4 Rf1 58. Rc2 Be4 59. Kb4 Rb1+
60. Ka5 Rb8 61. Rd2 Bd5 62. Rc3 h5 63. Ra3 g4 64. Ka6 Rb4 65. a5 h4 66. gxh4+
Kxh4 67. Ka7 Kg5 68. h3 gxh3 69. Rxh3 Ra4 70. Kb6 Rb4+ 71. Kc7 Ra4 72. Rf2 Rxa5
73. Rg3+ Kh4 74. Rg6 Kh5 75. Rg1  1-0